Presidentes del Senado de España - Estadísticas

Estadísticas generales
  • Esta prueba ha sido intentada 9 veces
    4 desde el último reinicio
  • La puntuación promedio es 5 de 13
Estadísticas de respuestas
Partido Presidente % Correcto
PP Pedro Rollán
100%
PP Esperanza Aguirre
67%
PSOE Pilar Llop
67%
PSOE Ander Gil
33%
PSOE Javier Rojo
33%
PSOE José Federico de Carvajal
33%
PP Juan Ignacio Barrero
33%
PSOE Juan José Laborda
33%
PP Juan José Lucas
33%
PSC Manuel Cruz
33%
PP Pio Garcia-Escudero
33%
UCD Antonio Fontán
0%
UCD Cecilio Valverde
0%
No se encontraron pruebas coincidentes
Distribución de puntuación
Porcentaje de gente con cada puntuación
Porcentaje por número respondido
Historial de tus puntuaciones
No has intentado esta prueba desde el último reinicio